000 00637nam a2200241Ia 4500
008 160901s9999 xx 000 0 und d
020 _a0-672-31159-3
050 _aComSc QA 76.9
050 _b.D3W43 1998
100 _aWhalen, Edward.
245 _aTeach yourself Oracle 8 in 21 days /
245 _cEdward Whalen, Steve Adrien DeLuca.
260 _aIndiana :
260 _bSams Publishing,
260 _c1998
300 _a604 pages :
300 _bill. ;
300 _c23 cm.
500 _aIncludes index.
650 _aOracle (Computer file).
650 _aRelational databases.
650 _xDatabase management.
999 _c300938
_d300938